10 Biggest Cities in Cameroon - Statistics

General Stats
  • This quiz has been taken 135 times
  • The average score is 5 of 10
Answer Stats
Population City % Correct
1 300 000 Yaounde
100%
1 340 000 Douala
94%
435 000 Garoua
61%
290 000 Bafoussam
50%
395 000 Bamenda
50%
320 000 Maroua
50%
230 000 Ngaoundere
46%
220 000 Bertoua
35%
435 000 Kousseri
9%
275 000 Mokolo
9%
No matching quizzes found
Score Distribution
Percent of People with Each Score
Percentile by Number Answered
Your Score History
You have not taken this quiz